| 000 | 00807cam a2200277 i 4500 | ||
|---|---|---|---|
| 001 | 200442757 | ||
| 999 |
_c200442757 _d60969 |
||
| 003 | TR-AnTOB | ||
| 005 | 20241129155057.0 | ||
| 007 | ta | ||
| 008 | 230616b tu 000 0 tur d | ||
| 040 |
_aDEUX _beng _erda _cTR-AnTOB _dTR-AnTOB |
||
| 041 | 0 | _atur | |
| 050 | 4 |
_aKKX937 _b.Ş56 |
|
| 090 |
_aTOBBK KKX937 _b.Ş56 |
||
| 100 | 1 |
_aŞimşek, Edip _9129368 |
|
| 245 | 1 | 0 |
_aTicari Senetler / _bEdip Şimşek. |
| 264 | 3 |
_aAnkara: _bYonca Matbaacılık, _c[date of publication not identified] |
|
| 300 |
_a444 pages ; _c24cm |
||
| 336 |
_atext _btxt _2rdacontent |
||
| 337 |
_aunmediated _bn _2rdamedia |
||
| 338 |
_avolume _bnc _2rdacarrier |
||
| 650 | 0 |
_aBanka hukuku _zTürkiye _920511 |
|
| 942 |
_2z _cBK |
||